000
00247nmm a2200085Ia 4500
008
220120s9999||||xx |||||||||||||||||und||
100
_a
DIGIT-March-2009 (DVD)
245
0
_a
Burnout paradise, fear project origen, easy game development
260
_c
2009
999
_c
139296
_d
139296